000 00709nam a2200289Ia 4500
005 20260324115346.0
008 008 260324s9999 xx 000 0 eng d
020 _a9781351014199
037 _aEBOOK
040 _aCRL
040 _beng
040 _cCRL
041 _2eng
041 _aeng
084 _qCRL
100 _aVincent K. Omachonu
_91154353
245 0 _aHealthcare Value Proposition
245 0 _bCreating a Culture of Excellence in Patient Experience
260 _bTaylor and Francis
260 _c2018
365 _a
365 _b80.99
856 _uhttp://www.taylorfrancis.com/books/9781351014199
942 _cEBOOK
999 _c1745184
_d1745184